ՀՀ Գիտությունների ազգային ակադեմիայի հիմնարար գիտական գրադարան  =   Fundamental Scientific Library of NAS RA

Очерки истории русского Дальнего Востока. XVII - начало XX в. / (Record no. 432215)

MARC details
000 -LEADER
fixed length control field 00883nam a2200217 a 4500
003 - CONTROL NUMBER IDENTIFIER
control field AM-YeHGA
040 ## - CATALOGING SOURCE
Original cataloging agency AM-YeHGA
090 ## - LOCALLY ASSIGNED LC-TYPE CALL NUMBER (OCLC); LOCAL CALL NUMBER (RLIN)
-- 434805
005 - DATE AND TIME OF LATEST TRANSACTION
control field 20250617155420.0
008 - FIXED-LENGTH DATA ELEMENTS--GENERAL INFORMATION
fixed length control field 180914s1958 ru a||||r|||||001|||rus||
041 0# - LANGUAGE CODE
Language code of text/sound track or separate title rus
100 1# - MAIN ENTRY--PERSONAL NAME
Personal name Рябов, Николай Иванович
245 10 - TITLE STATEMENT
Title Очерки истории русского Дальнего Востока. XVII - начало XX в. /
Statement of responsibility, etc. Н.И. Рябов, канд. ист. наук, М.Г. Штейн, канд. ист. наук.
260 ## - PUBLICATION, DISTRIBUTION, ETC.
Place of publication, distribution, etc. Хабаровск :
Name of publisher, distributor, etc. Кн. изд-во,
Date of publication, distribution, etc. 1958.
300 ## - PHYSICAL DESCRIPTION
Extent 175 с. :
Other physical details ил. ;
Dimensions 21 см.
504 ## - BIBLIOGRAPHY, ETC. NOTE
Bibliography, etc. note Библиогр.: с. 170-174
650 14 - SUBJECT ADDED ENTRY--TOPICAL TERM
Topical term or geographic name entry element История России
653 0# - INDEX TERM--UNCONTROLLED
Uncontrolled term Дальний Восток СССР - История - 17-20 вв.
700 1# - ADDED ENTRY--PERSONAL NAME
Personal name Штейн, Моисей Григорьевич
942 ## - ADDED ENTRY ELEMENTS (KOHA)
Source of classification or shelving scheme Universal Decimal Classification
Koha item type Գրքեր / Books
Holdings
Withdrawn status Lost status Source of classification or shelving scheme Damaged status Not for loan Collection Home library Current library Date acquired Total checkouts Full call number Barcode Date last seen Price effective from Koha item type Public note
    Universal Decimal Classification     General Fundamental Scientific Library Fundamental Scientific Library 24/05/2019   PII/1541 FL0582076 24/05/2019 24/05/2019 Գրքեր / Books 30 Days Loan


ՀՀ ԳԱԱ հիմնարար գիտական գրադարան
ՀՀ,Երևան 0019
Մարշալ Բաղրամյան 24/6
հեռախոս:(374-10) 52-47-50
Հետադարձ կապ

All site content, except where otherwise noted, is licensed under a
Creative Commons License